Statistics for Olympic Games Host Countries

Click here to take the quiz!

General Stats

  • This quiz has been taken 1,852 times
  • The average score is 20 of 23

Answer Stats

Answer% Correct
United States
99%
Russia
98%
France
97%
Canada
96%
Japan
96%
United Kingdom
96%
Australia
95%
China
94%
Germany
94%
Italy
94%
Spain
93%
Sweden
93%
Mexico
92%
Brazil
91%
Norway
89%
Finland
88%
Greece
88%
South Korea
88%
Austria
80%
Switzerland
78%
Netherlands
77%
Belgium
74%
Yugoslavia
51%

Score Distribution

Percentile by Number Answered

Percent of People with Each Score

Your Score History

You have not taken this quiz